عرض عادي
عرض مارك
- ابن هشام، عبد الله بن يوسف بن أحمد،
مدخل إسم شخص
001 - رقم الضبط
- حقل الضبط: 1132
003 - معرف رقم الضبط
- حقل الضبط: OSt
005 - تاريخ ووقت أخر عملية
- حقل الضبط: 20110720182557.0
008 - عناصر بيانات ثابتة الطول
- حقل تحكم ثابت الطول: 110720|||a|||||| | ||| d
040 ## - مصدر الفهرسة
- هيئة الفهرسة الأصلية: OSt
- وكالة الكتابة: OSt
100 ## - مدخل -- أسم شخص
- إسم شخص: ابن هشام، عبد الله بن يوسف بن أحمد،
- تواريخ مرتبطة بالاسم: 708-761 هـ.
670 ## - بيانات المصدر موجوده
- الاستشهاد بالمصدر: Work cat.: (OSt)1185: ابن هشام، عبد الله بن يوسف بن أحمد، 708-761 هـ., قطر الندى وبل الصدى /, [19--].
